000 04315pgm a2200769 a 4500
001 be2009002957
005 20211229142053.0
007 vd cvaizq
008 090130s2009 cau123 g vleng d
020 _a1435904680
024 1 _a043396249158
024 7 _a00043396249158
_2gtin-14
028 4 2 _a24915
_bSony Pictures Home Entertainment
040 _aNjBwBT
_cNjBwBT
_dCoLwJCPL
_erda
041 1 _aeng
050 1 4 _aPN1997.2
_b.S4846 2009
082 0 4 _a791.43/72
_222
082 0 4 _a791.4372
_bSEVEN POUNDS
092 _aseven pounds
099 9 _fDVD
245 0 0 _aSeven pounds
_h[videorecording] /
_cColumbia Pictures presents in association with Relativity Media an Overbrook Entertainment, Escape Artists production ; produced by Todd Black, Jason Blumenthal, James Lassiter, Will Smith, Steve Tisch ; written by Grant Nieporte ; directed by Gabriele Muccino.
246 3 _a7 pounds.
246 3 _a7 lbs
260 _aCulver City, Calif. :
_bSony Pictures Home Entertainment,
_cc2009.
264 _aCulver City, Calif. :
_bSony Pictures Home Entertainment,
_cc2009
300 _a1 videodisc (123 min.) :
_bsd., col. ;
_c4 3/4 in.
500 _aSpecial features: deleted scenes, featurettes: Seven views on Seven pounds, Creating the perfect ensemble, the box jellyfish: world's deadliest co-star, Emily's passion: the art of the printing press, audio commentary with director Gabriele Muccino.
508 _aDirector of photography, Philippe Le Sourd ; editor, Hughes Winborne ; music, Angelo Milli.
511 1 _aWill Smith, Rosario Dawson, Woody Harrelson, Michael Ealy, Barry Pepper, Elpidia Carrillo, Robinne Lee.
520 _aTim Thomas was a gifted aerospace engineer with a beautiful wife. Then, while using his cell phone while driving, his car wandered across lanes and he became responsible for the deaths of 7 others, including his wife. Unable to forgive himself, Tim sets out to give 'pounds of flesh' that will give new life to seven deserving individuals to make up for the seven lives he destroyed. Tim intends to kill himself to atone for his sins. He decides to bestow gifts to seven worthy people, which includes body organs and material possessions. He personally investigate these people to verify that they are indeed the right people he should help. He plans to have his best friend see that his wishes are carried out after he is dead. Tim's plan threatens to unravel when he begins to fall in love with one of the people he is trying to help.
521 _aMPAA rating: PG-13; for thematic material, some disturbing content and a scene of sensuality.
538 _aDVD, anamorphic widescreen (2.40:1); Dolby Digital 5.1 surround.
540 _aFor private home use only.
546 _aEnglish or dubbed French dialogue, English, French or Spanish subtitles; closed-captioned.
650 0 _aAerospace engineers
_vDrama.
_96437265
650 0 _aCell phones and traffic accidents
_vDrama.
_96437266
650 0 _aAtonement
_vDrama.
_96437267
655 7 _aFiction films.
_2lcgft.
655 7 _aFeature films.
_2lcgft.
655 7 _aDVD-Video discs.
_2local.
655 7 _aVideo recordings for the hearing impaired.
_2lcgft.
655 7 _aFilms for the hearing impaired.
_2lcgft.
700 1 _aBlack, Todd,
_eproducer.
_969419
700 1 _aLassiter, James,
_eproducer.
_978253
700 1 _aSmith, Will,
_d1968-
_eactor.
700 1 _aTisch, Steve,
_eproducer.
_963195
700 1 _aNieporte, Grant,
_escreenwriter.
_96006625
700 1 _aMuccino, Gabriele,
_efilm director.
_968358
700 1 _aSmith, Will,
_d1968-
_eactor.
700 1 _aDawson, Rosario,
_eactor.
_965260
700 1 _aHarrelson, Woody,
_eactor.
_961411
700 1 _aEaly, Michael,
_eactor.
_970372
700 1 _aPepper, Barry,
_d1970-
_eactor.
_968124
700 1 _aCarrillo, Elpidia,
_eactor.
_96194321
700 1 _aLee, Robinne,
_d1974-
_eactor.
_977763
700 1 _aMilli, Angelo,
_eactor.
_96437268
710 2 _aColumbia Pictures.
_923896
710 2 _aRelativity Media.
_973590
710 2 _aOverbrook Entertainment (Firm)
_95803064
710 2 _aEscape Artists (Firm)
_972110
710 2 _aSony Pictures Home Entertainment (Firm)
_971947
907 _a.b281990943
942 _2ddc
_cDVD
999 _c368768
_d368768